| 000 | 00347nam a22001337a 4500 | ||
|---|---|---|---|
| 008 | 181022b xxu||||| |||| 00| 0 eng d | ||
| 020 | _a9780309126748 | ||
| 041 | _aeng | ||
| 080 | _a159.9 | ||
| 100 | _a48 | ||
| 101 | _aPSI | ||
| 245 |
_aPreventing Mental. Emotional and Behavioral Disorders Among Young People _cO'Conell,M.E |
||
| 942 |
_2udc _cBK |
||
| 999 |
_c50463 _d50463 |
||